¿Cuál país no limita con... - Estadísticas

Estadísticas generales
  • Esta prueba ha sido intentada 8.402 veces
  • La puntuación promedio es 11 de 18
Estadísticas de respuestas
Pregunta Respuesta % Correcto
Egipto Marruecos
90%
Ucrania Serbia
87%
Brasil Chile
85%
Alemania Italia
84%
Argentina Perú
82%
China Japón
78%
Venezuela Surinam
68%
Etiopía Tanzania
66%
Indonesia Tailandia
62%
Sudáfrica Zambia
60%
Francia Liechtenstein
58%
Arabia Saudita Siria
56%
Myanmar Vietnam
56%
Guatemala Nicaragua
52%
Croacia Italia
46%
Rusia Armenia
43%
Afganistán India
39%
Turquía Líbano
37%
No se encontraron pruebas coincidentes
Distribución de puntuación
Porcentaje de gente con cada puntuación
Porcentaje por número respondido
Historial de tus puntuaciones
No has intentado esta prueba.